Beliebteste Jungsnamen von 1970 bis 1974 in Deutschland - Statistiken

Allgemein
  • Dieses Quiz wurde 72 mal gespielt
  • Das Durchschnittsergebnis liegt bei 87 aus 175
Antwortstatistiken
Rang Name % Korrekt
1 | 2 | 3 | 4 Stefan
86%
2 | 3 | 4 | 5 Thomas
84%
20 | 23 | 25 | 31 Peter
82%
1 | 2 | 6 Michael
81%
11 | 15 | 17 | 19 Marc
79%
10 Mark
79%
18 | 25 André
77%
27 Andrè
77%
3 | 4 | 6 Andreas
70%
2 | 5 | 6 | 8 Markus
70%
29 Bernd
61%
1 | 2 | 7 Christian
61%
5 | 10 | 12 | 15 Frank
58%
11 | 12 | 13 | 14 Martin
56%
8 | 10 | 13 | +2 others Alexander
54%
33 | 34 | 35 Jürgen
54%
6 | 10 | 11 | +2 others Torsten
54%
23 | 26 | 31 Christoph
53%
32 Klaus
53%
5 | 9 | 10 | 16 Matthias
53%
35 Wolfgang
53%
19 | 32 Sebastian
51%
21 | 27 | 33 Daniel
47%
33 Florian
47%
14 | 15 | 28 Karsten
47%
15 | 16 | 17 | +2 others Jens
46%
5 | 7 | 8 Oliver
46%
25 | 26 | 31 | 35 Tobias
44%
9 | 12 | 16 | +2 others Jan
42%
17 | 19 | 22 | 25 Jörg
40%
34 Patrick
40%
6 | 9 | 11 | 12 Sven
40%
21 | 24 | 34 Olaf
39%
13 | 14 | 20 | 22 Dirk
37%
34 | 35 Robert
37%
29 | 32 Ingo
35%
24 | 26 | 27 Holger
33%
16 | 21 | 26 | 29 Ralf
33%
19 | 20 | 21 | +2 others Lars
32%
27 | 28 | 29 Heiko
28%
11 | 12 | 17 | +2 others Marco
28%
28 | 30 | 31 Mike
25%
35 René
25%
30 Nils
23%
30 | 32 Mario
21%
24 | 28 | 29 | 31 Sascha
21%
30 Volker
21%
20 | 23 | 24 | +2 others Kai
19%
30 | 32 | 33 Björn
16%
Keine übereinstimmenden Quizze gefunden
Verteilung der Resultate
Anzahl Personen mit jedem Resultat
Perzentil nach korrekt beantworteten Fragen
Ihre Resultats-Entwicklung
Sie haben dieses Quiz noch nicht gespielt